Comparative Study Of Claims And Settlement In United India Insurance Co. Vs. Bajaj Allianz General Insurance With Special Ref. To Motor Insurance At Phoenix General Insurance Brokers Pvt.Ltd (Record no. 75049)

MARC details
000 -LEADER
fixed length control field 00603nam a2200133Ia 4500
008 - FIXED-LENGTH DATA ELEMENTS--GENERAL INFORMATION
fixed length control field 221007s9999 xx 000 0 und d
041 ## - LANGUAGE CODE
Language code of text/sound track or separate title eng
082 ## - DEWEY DECIMAL CLASSIFICATION NUMBER
Item number ALE
100 ## - MAIN ENTRY--PERSONAL NAME
Personal name Alekar Ishani R - 2k141049; Prof. Ranjana Gogate - Guide & [Company Name] - Phonix General Insurance Brokers PVT.LTD
9 (RLIN) 103729
245 ## - TITLE STATEMENT
Title Comparative Study Of Claims And Settlement In United India Insurance Co. Vs. Bajaj Allianz General Insurance With Special Ref. To Motor Insurance At Phoenix General Insurance Brokers Pvt.Ltd
260 ## - PUBLICATION, DISTRIBUTION, ETC. (IMPRINT)
Date of publication, distribution, etc. Sep-15
Name of publisher, distributor, etc. Savitribai Phule Pune University
Place of publication, distribution, etc. Pune
300 ## - PHYSICAL DESCRIPTION
Extent 74p
906 ## - LOCAL DATA ELEMENT F, LDF (RLIN)
b General
Holdings
Withdrawn status Lost status Damaged status Not for loan Home library Current library Date acquired Vendor Total Checkouts Full call number Barcode Date last seen Bill Date Koha item type Original Barcode
        Smt. Hiraben Nanavati Institute of Management & Research for Women Smt. Hiraben Nanavati Institute of Management & Research for Women 20/07/2016 HNIMR   ALE HIMR-PR-593 07/10/2022 07/10/2022 Project Reports PR0593